Los primeros años del Instituto Nacional. (1813-1835).
Saved in:
| Hovedforfatter: | |
|---|---|
| Format: | Bog |
| Sprog: | spansk |
| Udgivet: |
Santiago, Chile:
Imprenta Cervantes,
1889.
|
| Fag: | |
| Tags: |
Tilføj Tag
Ingen Tags, Vær først til at tagge denne postø!
|
MARC
| LEADER | 00000nam a2200000 a 4500 | ||
|---|---|---|---|
| 001 | UCJ5090 | ||
| 003 | CL-VaPUC | ||
| 005 | 20220822114356.0 | ||
| 008 | 070124e18890000CL |||||||||||||||||spa|d | ||
| 999 | |c 321203 |d 321201 | ||
| 040 | |c Pontificia Universidad Católica de Valparaíso | ||
| 082 | 0 | 4 | |a 983 AMU 1889 |2 21 |
| 100 | 0 | |a Amunátegui Solar, Domingo |e autor |9 444723 | |
| 245 | 1 | 4 | |a Los primeros años del Instituto Nacional. |b (1813-1835). |
| 260 | |a Santiago, Chile: |b Imprenta Cervantes, |c 1889. | ||
| 300 | |a XVI, 724 páginas. | ||
| 500 | |a c.2 Donación Familia Prof. Alejandro Guzmán Brito. | ||
| 583 | |a last modification |c 20170905 01:34:43 |k Rodrigo Vera | ||
| 650 | 0 | |a Historia de la educación |9 257642 |x Documentos históricos |z Chile | |
| 942 | |c BK |2 ddc |n 0 | ||
| 945 | |d 20070124 00:00:00 |a rinostro | ||
| 952 | |0 0 |1 0 |4 0 |6 983_000000000000000_AMU_1889 |7 0 |8 X |9 399894 |a FDOBUD |b FDOBUD |d 2019-11-22 |i 1029886 |o 983 AMU 1889 |p 1029886 |r 2019-11-22 |w 2019-11-22 |y BK_X |k BUD | ||
| 952 | |0 0 |1 0 |2 ddc |4 0 |6 983_000000000000000_AMU_1889 |7 1 |8 C_AGB |9 580668 |a BIBDER |b BIBDER |d 2022-01-19 |e Donación |i 5640156 |o 983 AMU 1889 |p 5640156 |r 2023-01-25 |t 2 |w 2022-01-19 |y BK_US |k AGB | ||